000 00814nam a2200265Ia 4500
003 OSt
005 20220928130252.0
006 a|||||r|||| 00| 0
007 ta
008 220927b |||||||| |||| 00| 0 eng d
020 _cUKP 185.00
024 _a140099
037 _b032, 30/01/2019, Kiran Book Service
_cTextual
040 _aSDCL
_cSDCL
_beng
041 _2eng
_aeng
082 _aU42:g(P), Q7
100 _aCanagarajah Suresh Ed.
_9473354
245 0 _aRoutledge handbook of migration and language
260 _aLondon
_bRoutledge
_c2017
300 _axx,590p.
_ccm.
490 _aRoutledge handbooks in applied linguistics
650 _aEnglish
942 _hU42:g(P), Q7
_cTEXL
_2CC
999 _c785857
_d785857